| 000 | 00759nam a22002297a 4500 | ||
|---|---|---|---|
| 999 |
_c189357 _d189357 |
||
| 005 | 20220926125219.0 | ||
| 010 | _aB-745689 | ||
| 020 |
_a9788131756898 _c799.00 |
||
| 037 | _bPearson | ||
| 082 | _a658.827 | ||
| 100 | _a Keller, Lane Kevin | ||
| 245 |
_aStrategic Brand Management: _b Building, Measuring, And Managing Brand Equity _cKevin Lane Keller |
||
| 250 | _a3rd | ||
| 260 |
_aNew Delhi _bPearson _c2011 |
||
| 270 |
_a11 Community Center, Panchsheel park _bNew Delhi _e110017 |
||
| 300 |
_axxiii, 695p _bill _c25cm (pb) |
||
| 500 | _aEpilogue,Credits,Index | ||
| 700 | _aParameswaran, M.G. | ||
| 700 | _a Jacod, Isaac | ||
| 942 |
_2ddc _cEN _h658.827 _mKEL |
||